Hope for the future (Record no. 83799)
[ view plain ]
| 000 -LEADER | |
|---|---|
| fixed length control field | 00761cab a22001935a 4500 |
| 001 - CONTROL NUMBER | |
| control field | L155058 |
| 008 - FIXED-LENGTH DATA ELEMENTS--GENERAL INFORMATION | |
| fixed length control field | 120223e20120218xxk 000 0 eng d |
| 035 ## - SYSTEM CONTROL NUMBER | |
| System control number | (Sirsi) u155058 |
| 041 0# - LANGUAGE CODE | |
| Language code of text/sound track or separate title | eng |
| 100 1# - MAIN ENTRY--PERSONAL NAME | |
| Personal name | Vigus, Emma |
| 245 00 - TITLE STATEMENT | |
| Title | Hope for the future |
| 260 ## - PUBLICATION, DISTRIBUTION, ETC. | |
| Date of publication, distribution, etc. | 2012 |
| 490 ## - SERIES STATEMENT | |
| Series statement | Estates Gazette |
| Volume/sequential designation | (1207) 18 February 2012, 84-85(2) |
| 520 ## - SUMMARY, ETC. | |
| Summary, etc. | RICS report and three month consultation on Professional Indemnity Insurance (PII). The recommendations which could bring much needed change include opening discussions with the Solicitors Regulations Authority regarding the ethics of legal practices and the option of exploring alternative dispute resolution. |
| 590 ## - LOCAL NOTE (RLIN) | |
| Local note | KA |
| 651 #4 - SUBJECT ADDED ENTRY--GEOGRAPHIC NAME | |
| Geographic name | United Kingdom |
| Chronological subdivision | |
| 690 ## - LOCAL SUBJECT ADDED ENTRY--TOPICAL TERM (OCLC, RLIN) | |
| Topical term or geographic name as entry element | Valuation |
| 9 (RLIN) | 6273 |
| 942 ## - ADDED ENTRY ELEMENTS (KOHA) | |
| Suppress in OPAC | 0 |
| Withdrawn status | Lost status | Source of classification or shelving scheme | Damaged status | Not for loan | Home library | Current library | Shelving location | Date acquired | Total Checkouts | Full call number | Barcode | Date last seen | Copy number | Price effective from | Koha item type |
|---|---|---|---|---|---|---|---|---|---|---|---|---|---|---|---|
| Dewey Decimal Classification | London | London | Journal article | 23/02/2012 | L155058 | 155058-1001 | 06/08/2019 | 1 | 06/08/2019 | Journal article |